[Event "21. Torneo San Viator 2013"]
[Site "Madrid ESP"]
[Date "2013.09.29"]
[Round "1.24"]
[White "Saribekyan, Garnik"]
[Black "Crespo Villalba, Israel"]
[Result "1/2-1/2"]
[WhiteElo "1693"]
[BlackElo "1886"]
[PlyCount "63"]
[EventDate "2013.09.29"]
[EventType "swiss"]
[EventRounds "9"]
[EventCountry "ESP"]
[SourceTitle "Ajedrez en Madrid"]
[Source "lmi"]
[SourceDate "2013.09.29"]
[SourceVersion "1"]
[SourceVersionDate "2013.12.25"]
[SourceQuality "1"]

1. e4 d6 2. d4 Nf6 3. Nc3 g6 4. Nf3 Bg7 5. h3 O-O 6. Be3 c6 7. a4 Nbd7 8. Be2
e5 9. dxe5 dxe5 10. Nd2 Qe7 11. Nc4 Ne8 12. O-O f5 13. b3 f4 14. Bc1 Ndf6 15.
Ba3 c5 16. Nd5 Nxd5 17. Qxd5+ Be6 18. Qxc5 Qg5 19. Kh1 f3 20. Bxf3 Rxf3 21.
gxf3 Qh4 22. Qe7 Qxh3+ 23. Kg1 Nf6 24. Rad1 h6 25. Rd8+ Rxd8 26. Qxd8+ Kh7 27.
Bf8 Qxf3 28. Nxe5 Qf4 29. Bxg7 Qg5+ 30. Kh1 Qh4+ 31. Kg1 Qg5+ 32. Kh1 1/2-1/2

[Event "21. Torneo San Viator 2013"]
[Site "Madrid ESP"]
[Date "2013.09.29"]
[Round "1.25"]
[White "Zhynguel Ramirez De Verger, Al"]
[Black "Sancho Castiello, Federico"]
[Result "1-0"]
[WhiteElo "1877"]
[BlackElo "2140"]
[PlyCount "117"]
[EventDate "2013.09.29"]
[EventType "swiss"]
[EventRounds "9"]
[EventCountry "ESP"]
[SourceTitle "Ajedrez en Madrid"]
[Source "lmi"]
[SourceDate "2013.09.29"]
[SourceVersion "1"]
[SourceVersionDate "2013.12.25"]
[SourceQuality "1"]

1. d4 Nf6 2. c4 e6 3. Nc3 Bb4 4. Qc2 c5 5. dxc5 Bxc5 6. Bg5 Bxf2+ 7. Kxf2 Ng4+
8. Kg3 Qxg5 9. Nf3 Qh5 10. Nb5 O-O 11. h3 Nc6 12. e4 f5 13. exf5 exf5 14. hxg4
f4+ 15. Kf2 Qxh1 16. Rd1 d6 17. Nxd6 Bxg4 18. Bd3 Qh5 19. Be4 Bxf3 20. Bxf3
Qc5+ 21. Kf1 Nd4 22. Qc3 Nxf3 23. Qxf3 b6 24. a3 Rad8 25. b4 Qc7 26. Qd5+ Rf7
27. c5 Kf8 28. Qh5 g6 29. Qe5 Rxd6 30. Qh8+ Ke7 31. cxd6+ Qxd6 32. Rxd6 Kxd6
33. Qd4+ Ke7 34. Kf2 Kf8 35. a4 Kg8 36. Kf3 h6 37. Qd5 Kg7 38. Qe5+ Kg8 39. Ke4
Kh7 40. Qe8 Kg7 41. a5 bxa5 42. bxa5 g5 43. Qe6 Rf6 44. Qe8 a6 45. Ke5 f3 46.
gxf3 Rxf3 47. Qd7+ Rf7 48. Qd6 g4 49. Qxa6 h5 50. Qe6 Rf3 51. Qe7+ Kg6 52. Ke4
Rf1 53. Qd6+ Kg5 54. Qd8+ Kg6 55. Qb6+ Rf6 56. Ke5 Rxb6 57. axb6 g3 58. b7 h4
59. b8=Q 1-0

[Event "21. Torneo San Viator 2013"]
[Site "Madrid ESP"]
[Date "2013.09.29"]
[Round "1.26"]
[White "Rodriguez Bittar, Karim Javier"]
[Black "De Castro Vidal, Jose Ignacio"]
[Result "1-0"]
[WhiteElo "1741"]
[BlackElo "2050"]
[PlyCount "75"]
[EventDate "2013.09.29"]
[EventType "swiss"]
[EventRounds "9"]
[EventCountry "ESP"]
[SourceTitle "Ajedrez en Madrid"]
[Source "lmi"]
[SourceDate "2013.09.29"]
[SourceVersion "1"]
[SourceVersionDate "2013.12.25"]
[SourceQuality "1"]

1. e4 d6 2. d3 g6 3. g3 Bg7 4. Bg2 Nc6 5. Ne2 e5 6. Nbc3 Nge7 7. O-O O-O 8. Be3
f5 9. f4 fxe4 10. dxe4 Bg4 11. h3 exf4 12. gxf4 Bxe2 13. Qxe2 Bxc3 14. bxc3 Qe8
15. Rab1 Rb8 16. Rb5 Rf6 17. Bd4 Nxd4 18. Qc4+ Ne6 19. f5 gxf5 20. exf5 c6 21.
Ra5 d5 22. Qg4+ Ng7 23. Re1 Qf7 24. Rxa7 Nexf5 25. a4 Rg6 26. Qf4 Rf8 27. a5
Nh5 28. Qf2 Qg7 29. Kh2 Nh4 30. Qxh4 Rxg2+ 31. Kh1 Ng3+ 32. Kxg2 Ne4+ 33. Qg4
Rf2+ 34. Kg1 Qxg4+ 35. hxg4 Rxc2 36. Rxb7 Rxc3 37. a6 Nd6 38. a7 1-0

[Event "21. Torneo San Viator 2013"]
[Site "Madrid ESP"]
[Date "2013.09.29"]
[Round "1.27"]
[White "Soto Martin, Pablo"]
[Black "Blanco Diez, David"]
[Result "1-0"]
[WhiteElo "1740"]
[BlackElo "1463"]
[PlyCount "79"]
[EventDate "2013.09.29"]
[EventType "swiss"]
[EventRounds "9"]
[EventCountry "ESP"]
[SourceTitle "Ajedrez en Madrid"]
[Source "lmi"]
[SourceDate "2013.09.29"]
[SourceVersion "1"]
[SourceVersionDate "2013.12.25"]
[SourceQuality "1"]

1. e4 e5 2. Nf3 Nc6 3. Bc4 Bc5 4. c3 Nf6 5. d3 d6 6. Bb3 Be6 7. O-O O-O 8. Bg5
h6 9. Bh4 Bxb3 10. Qxb3 Bb6 11. Nbd2 g5 12. Bg3 Re8 13. Nc4 Bc5 14. Qxb7 Qd7
15. Qb3 Nh5 16. Rfe1 Nxg3 17. hxg3 Qg4 18. Nh2 Qxg3 19. d4 Bxd4 20. cxd4 Qxb3
21. axb3 Nxd4 22. Ng4 Kg7 23. Nge3 Nxb3 24. Ra3 Nd4 25. Rea1 Nb5 26. Rb3 c6 27.
Nf5+ Kf6 28. Nfxd6 Nxd6 29. Nxd6 Red8 30. Rf3+ Kg7 31. Nxf7 Rd4 32. Nxe5 Rxe4
33. Nxc6 a6 34. Rfa3 Re2 35. b4 a5 36. Rxa5 Rxa5 37. Rxa5 Rd2 38. b5 Rd7 39.
Ra7 Rxa7 40. Nxa7 1-0

[Event "21. Torneo San Viator 2013"]
[Site "Madrid ESP"]
[Date "2013.09.29"]
[Round "1.28"]
[White "Perez Mondejar, Adler"]
[Black "Perez Bruni, Alfredo"]
[Result "0-1"]
[WhiteElo "1439"]
[BlackElo "1726"]
[PlyCount "100"]
[EventDate "2013.09.29"]
[EventType "swiss"]
[EventRounds "9"]
[EventCountry "ESP"]
[SourceTitle "Ajedrez en Madrid"]
[Source "lmi"]
[SourceDate "2013.09.29"]
[SourceVersion "1"]
[SourceVersionDate "2013.12.25"]
[SourceQuality "1"]

1. e4 c5 2. c3 Nf6 3. e5 Nd5 4. d4 e6 5. Nf3 Nc6 6. Be2 cxd4 7. cxd4 Bb4+ 8.
Bd2 Nf4 9. O-O Nxe2+ 10. Qxe2 O-O 11. a3 Be7 12. Nc3 b6 13. d5 exd5 14. Nxd5
Bc5 15. b4 Nd4 16. Qe4 Nxf3+ 17. Qxf3 Bd4 18. Nf6+ gxf6 19. Qg4+ Kh8 20. Qxd4
Bb7 21. exf6 Rg8 22. f3 Rg6 23. Bc3 Qc7 24. Qe5 d6 25. Qe3 Rag8 26. Rf2 Qd7 27.
Raa2 Qf5 28. Rab2 Qh3 29. Kh1 Rxg2 30. Rxg2 Bxf3 31. Qg1 Be4 32. Rbe2 Rxg2 33.
Rxg2 Qxc3 34. Qf1 Qxa3 35. b5 d5 36. Kg1 Bxg2 37. Kxg2 Qb2+ 38. Kg3 Qb3+ 39.
Kg2 Qc2+ 40. Kh3 Qe4 41. Qf2 h5 42. Qg3 Qf5+ 43. Kg2 Qxf6 44. Qb8+ Kg7 45. Qg3+
Qg6 46. Kf3 Qxg3+ 47. hxg3 f5 48. Kf4 Kf6 49. Ke3 Ke5 50. Kd3 f4 0-1

[Event "21. Torneo San Viator 2013"]
[Site "Madrid ESP"]
[Date "2013.09.29"]
[Round "1.29"]
[White "Yeves Miquel, Enrique"]
[Black "Munoz Blazquez, Jose"]
[Result "1-0"]
[WhiteElo "1713"]
[BlackElo "1426"]
[PlyCount "97"]
[EventDate "2013.09.29"]
[EventType "swiss"]
[EventRounds "9"]
[EventCountry "ESP"]
[SourceTitle "Ajedrez en Madrid"]
[Source "lmi"]
[SourceDate "2013.09.29"]
[SourceVersion "1"]
[SourceVersionDate "2013.12.25"]
[SourceQuality "1"]

1. d4 d5 2. c4 c6 3. Nc3 Nf6 4. e3 e6 5. Nf3 Be7 6. Qc2 O-O 7. Bd3 h6 8. O-O b6
9. e4 dxe4 10. Nxe4 Bb7 11. c5 Nbd7 12. Nxf6+ Nxf6 13. Rd1 bxc5 14. dxc5 Qa5
15. b4 Qc7 16. Bb2 Rad8 17. Be5 Qc8 18. Qb2 Rd5 19. Bc4 Rxd1+ 20. Rxd1 Rd8 21.
Re1 Rd7 22. Bc3 Bd8 23. Ne5 Re7 24. Nf3 Ne8 25. Qe2 Bc7 26. a3 Qd8 27. Nd2 Bc8
28. Qf3 f6 29. Qxc6 Bd7 30. Qe4 Kh8 31. Qg6 e5 32. Bd3 f5 33. Bxf5 Bxf5 34.
Qxf5 Kg8 35. Nc4 Qd5 36. Qe4 Nf6 37. Qxd5+ Nxd5 38. Bxe5 Bxe5 39. Rxe5 Rxe5 40.
Nxe5 a6 41. Kf1 g5 42. g3 Kg7 43. Ke2 Kf6 44. Nc4 Nc7 45. Kd3 Ke6 46. a4 Kd5
47. Ne3+ Ke6 48. Kc4 Ke5 49. b5 1-0

[Event "21. Torneo San Viator 2013"]
[Site "Madrid ESP"]
[Date "2013.09.29"]
[Round "1.30"]
[White "Fernandez Munoz, Jesus Norbert"]
[Black "Moreno Zamora, Gregorio"]
[Result "0-1"]
[WhiteElo "1419"]
[BlackElo "1704"]
[PlyCount "92"]
[EventDate "2013.09.29"]
[EventType "swiss"]
[EventRounds "9"]
[EventCountry "ESP"]
[SourceTitle "Ajedrez en Madrid"]
[Source "lmi"]
[SourceDate "2013.09.29"]
[SourceVersion "1"]
[SourceVersionDate "2013.12.25"]
[SourceQuality "1"]

1. d4 d5 2. e3 Nf6 3. c4 e6 4. Bd3 c6 5. Nc3 Be7 6. f4 Nbd7 7. Nf3 a6 8. O-O
dxc4 9. Bxc4 b5 10. Bd3 c5 11. a3 Bb7 12. Bd2 Qb6 13. Qe2 O-O 14. Be1 Rad8 15.
Bh4 Rfe8 16. Rad1 cxd4 17. exd4 g6 18. Kh1 Nd5 19. Bg3 Nxc3 20. bxc3 Bxa3 21.
h4 Nf6 22. Bb1 Nd5 23. Rd3 Rc8 24. Qa2 Bd6 25. Qb2 Bxf4 26. Ne5 Bxe5 27. Bxe5
Ne7 28. Rg3 Nf5 29. Rh3 h5 30. Qd2 Kh7 31. Kh2 Qd8 32. Bxf5 exf5 33. Qf2 Rxe5
34. dxe5 Qe7 35. Re3 Be4 36. Qg3 Rc4 37. Ra1 Bb7 38. Rae1 Rxh4+ 39. Kg1 Rg4 40.
Qf2 Be4 41. Rg3 Qxe5 42. Rxg4 hxg4 43. Qe3 Qd5 44. Qg3 Qc5+ 45. Kh2 a5 46. Rxe4
fxe4 0-1

[Event "21. Torneo San Viator 2013"]
[Site "Madrid ESP"]
[Date "2013.09.29"]
[Round "1.31"]
[White "Benitez Cadenas, Luis Miguel"]
[Black "Martin Rodriguez, Jose Luis"]
[Result "1-0"]
[WhiteElo "1702"]
[BlackElo "1412"]
[PlyCount "85"]
[EventDate "2013.09.29"]
[EventType "swiss"]
[EventRounds "9"]
[EventCountry "ESP"]
[SourceTitle "Ajedrez en Madrid"]
[Source "lmi"]
[SourceDate "2013.09.29"]
[SourceVersion "1"]
[SourceVersionDate "2013.12.25"]
[SourceQuality "1"]

1. d4 Nf6 2. Nf3 e6 3. g3 Bb4+ 4. c3 Be7 5. Bg2 d5 6. O-O O-O 7. c4 dxc4 8. Qc2
Nc6 9. Qxc4 Qd5 10. Qd3 Qe4 11. Qxe4 Nxe4 12. Ne5 Nxe5 13. dxe5 Nc5 14. Bd2 Rb8
15. Na3 a6 16. Nc4 b6 17. b4 Nd7 18. Bc6 b5 19. Bxd7 Bxd7 20. Na5 Rbc8 21. Rfd1
c5 22. bxc5 Bxc5 23. Nb7 Bb6 24. Bb4 Bc6 25. Bxf8 Bxb7 26. Be7 h5 27. a4 Bd5
28. axb5 axb5 29. Rxd5 exd5 30. Rd1 d4 31. Rb1 Rc2 32. Rxb5 Rc6 33. Bd6 Bc7 34.
Rd5 Bb6 35. Be7 Re6 36. Bd6 f6 37. exf6 gxf6 38. Kf1 Kf7 39. h4 Kg6 40. Ba3 f5
41. Bb2 Re4 42. Rd6+ Re6 43. Rxe6+ 1-0

[Event "21. Torneo San Viator 2013"]
[Site "Madrid ESP"]
[Date "2013.09.29"]
[Round "1.32"]
[White "Del Noval Nemeshazi, Nesztor"]
[Black "Algaba Traspuesto, Jose Antoni"]
[Result "1-0"]
[WhiteElo "1402"]
[BlackElo "1693"]
[PlyCount "103"]
[EventDate "2013.09.29"]
[EventType "swiss"]
[EventRounds "9"]
[EventCountry "ESP"]
[SourceTitle "Ajedrez en Madrid"]
[Source "lmi"]
[SourceDate "2013.09.29"]
[SourceVersion "1"]
[SourceVersionDate "2013.12.25"]
[SourceQuality "1"]

1. e4 e6 2. d4 d5 3. e5 c5 4. c3 Nc6 5. Nf3 Bd7 6. a3 c4 7. Be2 Na5 8. Nbd2 Qb6
9. O-O h6 10. Rb1 Ba4 11. Qxa4+ Kd8 12. Qc2 Ne7 13. b3 Qc7 14. bxc4 Rc8 15. c5
Nec6 16. Nb3 Nc4 17. Bxc4 dxc4 18. Nbd2 Na5 19. Ne4 b6 20. cxb6 axb6 21. Nfd2
Be7 22. Qa4 f5 23. Ng3 h5 24. h3 g5 25. f4 g4 26. Qb5 Rb8 27. hxg4 hxg4 28. d5
Bc5+ 29. Rf2 exd5 30. Kf1 Bxf2 31. Qxd5+ Qd7 32. Qxd7+ Kxd7 33. Kxf2 Ke6 34.
Rb4 b5 35. Ndf1 Rhd8 36. Bd2 Rd3 37. a4 Nb3 38. Be1 Ra8 39. axb5 Ra2+ 40. Ne2
g3+ 41. Nfxg3 Nc1 42. Rxc4 Rxg3 43. Kxg3 Nxe2+ 44. Kh4 Rb2 45. Rc6+ Kd7 46. c4
Nxf4 47. Kg5 Ne2 48. Bf2 Ng3 49. e6+ Ke7 50. Bc5+ Kd8 51. e7+ Ke8 52. Rc8+ 1-0

[Event "21. Torneo San Viator 2013"]
[Site "Madrid ESP"]
[Date "2013.09.29"]
[Round "1.33"]
[White "Bustos Bernardo, Samuel"]
[Black "Guillo Longares, Cecilia"]
[Result "1-0"]
[WhiteElo "1686"]
[BlackElo "1376"]
[PlyCount "75"]
[EventDate "2013.09.29"]
[EventType "swiss"]
[EventRounds "9"]
[EventCountry "ESP"]
[SourceTitle "Ajedrez en Madrid"]
[Source "lmi"]
[SourceDate "2013.09.29"]
[SourceVersion "1"]
[SourceVersionDate "2013.12.25"]
[SourceQuality "1"]

1. Nf3 c5 2. c4 Nc6 3. Nc3 g6 4. d4 cxd4 5. Nxd4 Bg7 6. Be3 Nf6 7. h3 O-O 8. g3
d6 9. Bg2 Bd7 10. a3 Nxd4 11. Bxd4 Bc6 12. e4 a6 13. O-O Bd7 14. Qe2 Qc7 15.
Bxf6 exf6 16. Nd5 Qd8 17. f4 f5 18. exf5 Bxf5 19. g4 Re8 20. Qd2 Be6 21. Qb4
Bxd5 22. Bxd5 Qc7 23. f5 Qc5+ 24. Qxc5 dxc5 25. fxg6 Bd4+ 26. Kh1 Kg7 27. gxf7
Rf8 28. Rab1 Rab8 29. b4 b5 30. Rf4 Be5 31. Rf5 Bd4 32. Rg5+ Kh6 33. Rg8 cxb4
34. axb4 Bg7 35. h4 Bc3 36. Kh2 Be5+ 37. Kh3 Bd6 38. g5+ 1-0

[Event "21. Torneo San Viator 2013"]
[Site "Madrid ESP"]
[Date "2013.09.29"]
[Round "1.34"]
[White "Rodriguez Romero, Martin"]
[Black "Loncomilla Sanhueza, Ernesto"]
[Result "1/2-1/2"]
[WhiteElo "1366"]
[BlackElo "1683"]
[PlyCount "104"]
[EventDate "2013.09.29"]
[EventType "swiss"]
[EventRounds "9"]
[EventCountry "ESP"]
[SourceTitle "Ajedrez en Madrid"]
[Source "lmi"]
[SourceDate "2013.09.29"]
[SourceVersion "1"]
[SourceVersionDate "2013.12.25"]
[SourceQuality "1"]

1. e4 e5 2. Nf3 Nc6 3. Bc4 Bc5 4. b4 Bxb4 5. c3 Be7 6. d4 Nf6 7. dxe5 Nxe4 8.
Qd5 O-O 9. Qxe4 Re8 10. Qd5 Bf6 11. O-O Nxe5 12. Nxe5 Bxe5 13. Re1 Bxh2+ 14.
Kf1 Rxe1+ 15. Kxe1 Qe7+ 16. Be3 c6 17. Qh5 Be5 18. Bxf7+ Qxf7 19. Qxe5 d5 20.
Nd2 Bg4 21. Qg3 Bh5 22. Bxa7 Rxa7 23. Qb8+ Qe8+ 24. Qxe8+ Bxe8 25. a4 c5 26.
Nb3 c4 27. Nc5 Kf7 28. Rb1 Bc6 29. Ke2 Ke7 30. Ke3 Kf6 31. f3 h5 32. g3 g6 33.
f4 Kf5 34. Kf2 Kg4 35. Rb4 Kf5 36. Ke3 Kg4 37. Kf2 d4 38. Rxc4 dxc3 39. Rxc3
Bxa4 40. Ra3 b5 41. Ra1 Rc7 42. Nd3 Rc2+ 43. Ke3 Rg2 44. Ne5+ Kxg3 45. Nxg6 Bc2
46. Ne5 b4 47. Ra8 h4 48. Nf3 Kh3 49. Ng5+ Kg4 50. Rg8 Kf5 51. Rf8+ Kg4 52. Rg8
Kf5 1/2-1/2

[Event "21. Torneo San Viator 2013"]
[Site "Madrid ESP"]
[Date "2013.09.29"]
[Round "1.35"]
[White "Sorribes Calle, Pablo"]
[Black "Nunez Miranda, Mario"]
[Result "1-0"]
[WhiteElo "1682"]
[BlackElo "1304"]
[PlyCount "125"]
[EventDate "2013.09.29"]
[EventType "swiss"]
[EventRounds "9"]
[EventCountry "ESP"]
[SourceTitle "Ajedrez en Madrid"]
[Source "lmi"]
[SourceDate "2013.09.29"]
[SourceVersion "1"]
[SourceVersionDate "2013.12.25"]
[SourceQuality "1"]

1. e4 e5 2. Nf3 Nc6 3. Bb5 a6 4. Ba4 Nf6 5. O-O Bd6 6. d3 O-O 7. Bg5 Be7 8. h3
Ne8 9. Be3 d6 10. c3 Bd7 11. Nbd2 h6 12. Re1 Nf6 13. Nf1 Nh7 14. Ng3 Ng5 15.
Nh2 Be6 16. d4 b5 17. Bc2 b4 18. d5 Bd7 19. dxc6 Bxc6 20. cxb4 d5 21. exd5 Qxd5
22. Qxd5 Bxd5 23. Bc5 Bxc5 24. bxc5 Rfe8 25. Ne4 Nh7 26. g4 Rab8 27. b3 Rb4 28.
Re3 Bxe4 29. Bxe4 Ng5 30. Bg2 Ne6 31. Rxe5 Rc8 32. Bb7 Rb8 33. Bxa6 Nf4 34. Re7
Nxh3+ 35. Kf1 Rf4 36. f3 Rd8 37. Ke2 Rfd4 38. Ke3 Nf4 39. Re8+ Rxe8+ 40. Kxd4
Ne6+ 41. Kc3 Nxc5 42. Bc4 Re3+ 43. Kd4 Re7 44. Kxc5 Re5+ 45. Kd4 Re7 46. a4
Rd7+ 47. Kc3 g6 48. a5 h5 49. a6 hxg4 50. Nxg4 Kg7 51. a7 Rd8 52. a8=Q Rxa8 53.
Rxa8 g5 54. Ra7 Kg6 55. Ne5+ Kh5 56. Bxf7+ Kh6 57. Rxc7 Kg7 58. Ng4 Kh8 59. Bh5
Kg8 60. b4 Kf8 61. b5 Kg8 62. Nf6+ Kh8 63. Rh7# 1-0

[Event "21. Torneo San Viator 2013"]
[Site "Madrid ESP"]
[Date "2013.09.29"]
[Round "1.36"]
[White "Jimenez Perez, Federico"]
[Black "Dorado Reboredo, Jose Maria"]
[Result "0-1"]
[WhiteElo "1289"]
[BlackElo "1678"]
[PlyCount "24"]
[EventDate "2013.09.29"]
[EventType "swiss"]
[EventRounds "9"]
[EventCountry "ESP"]
[SourceTitle "Ajedrez en Madrid"]
[Source "lmi"]
[SourceDate "2013.09.29"]
[SourceVersion "1"]
[SourceVersionDate "2013.12.25"]
[SourceQuality "1"]

1. e4 d5 2. exd5 Qxd5 3. Nc3 Qa5 4. d4 Nf6 5. Bd2 c6 6. Bc4 Qd8 7. Nf3 Bg4 8.
Be3 e6 9. a3 Bd6 10. Qd2 Nbd7 11. Bg5 h6 12. Bxf6 Nxf6 0-1

[Event "21. Torneo San Viator 2013"]
[Site "Madrid ESP"]
[Date "2013.09.29"]
[Round "1.37"]
[White "Rodriguez Alonso, Marcos"]
[Black "Apaza, Gabriela Erica"]
[Result "1-0"]
[WhiteElo "1666"]
[BlackElo "1215"]
[PlyCount "41"]
[EventDate "2013.09.29"]
[EventType "swiss"]
[EventRounds "9"]
[EventCountry "ESP"]
[SourceTitle "Ajedrez en Madrid"]
[Source "lmi"]
[SourceDate "2013.09.29"]
[SourceVersion "1"]
[SourceVersionDate "2013.12.25"]
[SourceQuality "1"]

1. e4 c5 2. Nf3 e6 3. d4 cxd4 4. Nxd4 f5 5. exf5 exf5 6. Bc4 Nf6 7. O-O Nc6 8.
Nxf5 Qc7 9. Re1+ Be7 10. Qe2 Qd8 11. Nd6+ Kf8 12. Nf7 Qc7 13. Nxh8 d5 14. Bb3
Ng4 15. Qf3+ Bf6 16. Bf4 Qd7 17. h3 Nh6 18. Bxh6 gxh6 19. Qxf6+ Kg8 20. Bxd5+
Qxd5 21. Re8# 1-0

[Event "21. Torneo San Viator 2013"]
[Site "Madrid ESP"]
[Date "2013.09.29"]
[Round "1.38"]
[White "Guillo Sanchez-Galiano, Ernesto"]
[Black "Gil Calvente, Jose Antonio"]
[Result "0-1"]
[WhiteElo "1206"]
[BlackElo "1661"]
[PlyCount "76"]
[EventDate "2013.09.29"]
[EventType "swiss"]
[EventRounds "9"]
[EventCountry "ESP"]
[SourceTitle "Ajedrez en Madrid"]
[Source "lmi"]
[SourceDate "2013.09.29"]
[SourceVersion "1"]
[SourceVersionDate "2013.12.25"]
[SourceQuality "1"]

1. d4 Nf6 2. Nf3 c5 3. c3 e6 4. Bf4 Nc6 5. Nbd2 d5 6. e3 Bd6 7. Bg3 O-O 8. Bd3
c4 9. Bc2 Re8 10. Ne5 Qc7 11. Ndf3 Ne4 12. Bf4 f6 13. Nxc6 Bxf4 14. g3 Bd6 15.
Nb4 a5 16. Ba4 Re7 17. Nc2 Rb8 18. Na3 Bxa3 19. bxa3 b5 20. Bc2 Nxc3 21. Qc1 b4
22. Qd2 e5 23. dxe5 fxe5 24. axb4 axb4 25. a3 Qa5 26. a4 b3 27. Bxh7+ Kxh7 28.
Ng5+ Kg8 29. h4 b2 30. O-O bxa1=Q 31. Rxa1 Qb4 32. Rc1 Qb2 33. Qxc3 Qxc3 34.
Rxc3 Rb3 35. Rc1 Rc7 36. a5 c3 37. Nf3 Ba6 38. Nxe5 c2 0-1

[Event "21. Torneo San Viator 2013"]
[Site "Madrid ESP"]
[Date "2013.09.29"]
[Round "1.39"]
[White "Manso Santamaria, Juan Carlos"]
[Black "Ochoa, Bryan Alejandro"]
[Result "1-0"]
[WhiteElo "1659"]
[BlackElo "1193"]
[PlyCount "51"]
[EventDate "2013.09.29"]
[EventType "swiss"]
[EventRounds "9"]
[EventCountry "ESP"]
[SourceTitle "Ajedrez en Madrid"]
[Source "lmi"]
[SourceDate "2013.09.29"]
[SourceVersion "1"]
[SourceVersionDate "2013.12.25"]
[SourceQuality "1"]

1. f4 c6 2. Nf3 d5 3. e3 Bf5 4. b3 Nf6 5. Bb2 e6 6. Be2 Be7 7. O-O O-O 8. Nd4
Be4 9. d3 c5 10. dxe4 cxd4 11. e5 Ne4 12. exd4 g5 13. Nd2 Nxd2 14. Qxd2 gxf4
15. Qxf4 Bg5 16. Qg4 Kh8 17. Bc1 f5 18. Qxg5 Qxg5 19. Bxg5 Nc6 20. c3 Rac8 21.
Rf3 Kg8 22. Bh6 Rf7 23. Rg3+ Kh8 24. Bh5 Re7 25. Bg5 Rg7 26. Bf6 1-0

[Event "21. Torneo San Viator 2013"]
[Site "Madrid ESP"]
[Date "2013.09.29"]
[Round "1.40"]
[White "Olias Ruiz, Enrique"]
[Black "Tevar Becerra, Alvaro"]
[Result "1-0"]
[WhiteElo "1173"]
[BlackElo "1647"]
[PlyCount "55"]
[EventDate "2013.09.29"]
[EventType "swiss"]
[EventRounds "9"]
[EventCountry "ESP"]
[SourceTitle "Ajedrez en Madrid"]
[Source "lmi"]
[SourceDate "2013.09.29"]
[SourceVersion "1"]
[SourceVersionDate "2013.12.25"]
[SourceQuality "1"]

1. e4 e5 2. Nc3 Bc5 3. Nf3 d6 4. Bc4 Nf6 5. d3 Nc6 6. a3 Bg4 7. Ne2 Bxf3 8.
gxf3 Nh5 9. Rg1 Qh4 10. Rg2 Qh3 11. Kf1 Qxf3 12. b4 Bd4 13. Rb1 Rf8 14. Qd2 f5
15. Bd5 Bb6 16. b5 Nd8 17. Ng1 Qf4 18. Qe2 fxe4 19. Bxf4 Nxf4 20. Qg4 Nxg2 21.
Kxg2 Rxf2+ 22. Kh3 e3 23. Qxg7 c6 24. Be4 e2 25. Qxh7 Rf1 26. Bg6+ Nf7 27. Nxe2
Ke7 28. Rxf1 1-0

[Event "21. Torneo San Viator 2013"]
[Site "Madrid ESP"]
[Date "2013.09.29"]
[Round "1.41"]
[White "Castro Uceda, Jose Antonio"]
[Black "Garcia Chica, Eva Maria"]
[Result "1-0"]
[WhiteElo "1625"]
[BlackElo "1644"]
[PlyCount "72"]
[EventDate "2013.09.29"]
[EventType "swiss"]
[EventRounds "9"]
[EventCountry "ESP"]
[SourceTitle "Ajedrez en Madrid"]
[Source "lmi"]
[SourceDate "2013.09.29"]
[SourceVersion "1"]
[SourceVersionDate "2013.12.25"]
[SourceQuality "1"]

1. d4 g6 2. e4 Bg7 3. c4 c6 4. Nc3 d6 5. Nf3 Bg4 6. Be2 Nf6 7. O-O O-O 8. Re1
Nbd7 9. h3 Bxf3 10. Bxf3 e5 11. d5 c5 12. Bg5 Nb6 13. Qb3 h6 14. Bd2 a6 15. Na4
Nxa4 16. Qxa4 Qd7 17. Qc2 b5 18. b3 b4 19. a3 a5 20. a4 Nh7 21. Qc1 g5 22. Bg4
Qe7 23. Qd1 Nf6 24. Bf5 Nd7 25. Re3 f6 26. Qh5 Rfd8 27. Rg3 Nf8 28. Qe2 Qe8 29.
h4 Ra7 30. hxg5 fxg5 31. Rh3 Ng6 32. g3 Ne7 33. Be6+ Kh8 34. Bxg5 Qg6 35. Bd2
Ng8 36. Kg2 Rf8 1-0

[Event "21. Torneo San Viator 2013"]
[Site "Madrid ESP"]
[Date "2013.09.29"]
[Round "1.42"]
[White "Vicente Minarro, Pedro"]
[Black "Morona Minguez, Miguel"]
[Result "1-0"]
[WhiteElo "1556"]
[BlackElo "1612"]
[PlyCount "57"]
[EventDate "2013.09.29"]
[EventType "swiss"]
[EventRounds "9"]
[EventCountry "ESP"]
[SourceTitle "Ajedrez en Madrid"]
[Source "lmi"]
[SourceDate "2013.09.29"]
[SourceVersion "1"]
[SourceVersionDate "2013.12.25"]
[SourceQuality "1"]

1. d4 d5 2. c4 e6 3. Nc3 Nf6 4. e3 Be7 5. Nf3 Nbd7 6. Bd3 b6 7. cxd5 exd5 8.
O-O O-O 9. Qc2 Bb7 10. e4 dxe4 11. Nxe4 Nxe4 12. Bxe4 Bxe4 13. Qxe4 Nf6 14. Qc2
c5 15. Be3 Ng4 16. Rad1 Nxe3 17. fxe3 Qc8 18. d5 Rd8 19. Ne5 Bf6 20. Nc6 Rd6
21. Rxf6 Qd7 22. Rxd6 Qxd6 23. e4 a6 24. e5 Qd7 25. Qe4 Re8 26. Rf1 h6 27. d6
Kh8 28. Ne7 Qe6 29. Qf5 1-0

[Event "21. Torneo San Viator 2013"]
[Site "Madrid ESP"]
[Date "2013.09.29"]
[Round "1.43"]
[White "Rendo Quindos, Pedro"]
[Black "Estirado De Cabo, Cesar"]
[Result "1-0"]
[WhiteElo "1607"]
[BlackElo "1511"]
[PlyCount "93"]
[EventDate "2013.09.29"]
[EventType "swiss"]
[EventRounds "9"]
[EventCountry "ESP"]
[SourceTitle "Ajedrez en Madrid"]
[Source "lmi"]
[SourceDate "2013.09.29"]
[SourceVersion "1"]
[SourceVersionDate "2013.12.25"]
[SourceQuality "1"]

1. e4 c6 2. Nf3 d5 3. e5 Bf5 4. Be2 e6 5. O-O Nd7 6. d4 Qb6 7. a3 c5 8. c3 cxd4
9. cxd4 Ne7 10. b4 Nc6 11. Be3 O-O-O 12. Nc3 Kb8 13. Bd3 Bxd3 14. Qxd3 f6 15.
b5 Na5 16. Na4 Qc7 17. Bf4 Rc8 18. Bg3 Ka8 19. exf6 Qd8 20. fxg7 Bxg7 21. Rfe1
Nf8 22. Rab1 Nc4 23. Nc5 Qe7 24. h3 b6 25. Na6 Nxa3 26. Rbc1 Nc4 27. Be5 Bxe5
28. Nxe5 Qg7 29. Nxc4 dxc4 30. Rxc4 Rxc4 31. Qxc4 Qb7 32. Nc7+ Kb8 33. Nxe6
Nxe6 34. Qxe6 Rd8 35. Rc1 Ka8 36. d5 Qd7 37. Qc6+ Qxc6 38. dxc6 Rc8 39. f4 Kb8
40. g4 Kc7 41. Ra1 a5 42. bxa6 Kxc6 43. a7 Kb7 44. Kf2 Ra8 45. Ke3 Rxa7 46.
Rxa7+ Kxa7 47. f5 1-0